The political economy of armed conflict : (Record no. 6675)

MARC details
000 -LEADER
fixed length control field 01102nac a22002771u 4500
010 ## - LIBRARY OF CONGRESS CONTROL NUMBER
LC control number 2003046717
020 ## - INTERNATIONAL STANDARD BOOK NUMBER
International Standard Book Number 1588261972 (alk. paper)
020 ## - INTERNATIONAL STANDARD BOOK NUMBER
International Standard Book Number 1588261727 (pbk. : alk. paper)
082 00 - DEWEY DECIMAL CLASSIFICATION NUMBER
Classification number 303.64
Item number BAL
090 ## - LOCALLY ASSIGNED LC-TYPE CALL NUMBER (OCLC); LOCAL CALL NUMBER (OCLC)
-- 6675
-- 6675
100 ## - MAIN ENTRY--PERSONAL NAME
Personal name Ballentine, Karen .
245 04 - TITLE STATEMENT
Title The political economy of armed conflict :
Remainder of title beyond greed and grievance /
Statement of responsibility, etc edited by Karen Ballentine and Jake Sherman.
260 ## - PUBLICATION, DISTRIBUTION, ETC. (IMPRINT)
Place of publication, distribution, etc Boulder, Co. :
Name of publisher, distributor, etc Lynne Rienner Publishers, c.2003.
Date of publication, distribution, etc c.2003.
300 ## - PHYSICAL DESCRIPTION
Extent ix, 317 p. :
Other physical details ill. ;
Dimensions 24 cm.
500 ## - GENERAL NOTE
General note "A project of the International Peace Academy."
500 ## - GENERAL NOTE
General note Distributer: Al-Ahram.
504 ## - BIBLIOGRAPHY, ETC. NOTE
Bibliography, etc Includes bibliographical references and index.
511 ## - PARTICIPANT OR PERFORMER NOTE
Participant or performer note Catalogued By: Mahitab.
650 #0 - SUBJECT ADDED ENTRY--TOPICAL TERM
Topical term or geographic name as entry element Civil war
General subdivision Economic aspects
Form subdivision Case studies.
650 #0 - SUBJECT ADDED ENTRY--TOPICAL TERM
Topical term or geographic name as entry element War
General subdivision Economic aspects
Form subdivision Case studies.
700 1# - ADDED ENTRY--PERSONAL NAME
Personal name Ballentine, Karen.
700 1# - ADDED ENTRY--PERSONAL NAME
Personal name Sherman, Jake.
710 2# - ADDED ENTRY--CORPORATE NAME
Corporate name or jurisdiction name as entry element International Peace Academy.
856 41 - ELECTRONIC LOCATION AND ACCESS
Materials specified Table of contents
Uniform Resource Identifier <a href="http://www.loc.gov/catdir/toc/fy038/2003046717.html">http://www.loc.gov/catdir/toc/fy038/2003046717.html</a>
942 ## - ADDED ENTRY ELEMENTS (KOHA)
Item type Book - Borrowing
Call number prefix 303.64BAL
Holdings
Withdrawn status Item status Damaged status Not for loan Home library Current library Shelving location Date acquired Source of acquisition Total Checkouts Total Renewals Full call number Barcode Date last seen Date last borrowed Koha item type
        Central Library Central Library First floor 29/11/2007 Purchase 4 9 303.64BAL 000008031 15/07/2025 09/07/2018 Book - Borrowing